| 000 | 00719nam a22002057a 4500 | ||
|---|---|---|---|
| 999 |
_c3694 _d3694 |
||
| 003 | AR-CdUCM | ||
| 008 | 190307b ||||| |||| 00| 0 spa d | ||
| 040 |
_aMUNICIPALIDAD PROVINCIAL DEL CUSCO _cBIBLIOTECA MUNICIPAL DEL CUSCO |
||
| 082 |
_a869.26 / _bR78 |
||
| 100 |
_aRoldán, Belisario _911107 |
||
| 245 | _aEl Rosal de las Ruinas hacia las Cumbres / | ||
| 260 |
_aArgentina : _bEdiciones Argentinas, _c1922. |
||
| 300 |
_a156 páginas ; _c18 cm. |
||
| 505 | _aContenido: El crimen de Leonor -- La canción del "Moribumdo" -- Las rosas de la muerte... | ||
| 650 |
_aNovelas argentinas _99625 |
||
| 650 |
_aPoesías argentinas _911979 |
||
| 650 |
_aCuentos argentinos _92794 |
||
| 942 |
_2ddc _cLIBROS |
||
| 945 | _adavv | ||